| 000 | 00397pam a2200169 a 4500 | ||
|---|---|---|---|
| 020 |
_a978-1-90401-068-5 _c |
||
| 041 | _h | ||
| 082 | _a641.5954 | ||
| 100 |
_aJULE SAHNI _eAuthor |
||
| 245 |
_aCLASSICAL INDIAN COOKERY _cJULE SAHNI _hTextual Documents |
||
| 250 | _a4th | ||
| 260 |
_alondon _bGRUB STREET |
||
| 300 | _a447 | ||
| 653 | _aFOOD PRODUCTION | ||
| 700 | _eCo-Author | ||
| 930 | _a756 | ||
| 999 |
_c243371 _d243371 |
||